000 01211nam a2200289 4500
001 0000013893
003 CO-CtgCURN
005 20250512232734.0
007 ta
008 160627s1986 000 0 eng d
020 _a9586041557
040 _aCO-CtgCURN
_bspa
_ccoctgcurn
082 0 _a344.01
_bL32
245 0 0 _aLecciones de derecho laboral :
_brelaciones individuales /
_cGuillermo Guerrero Figueroa ... [et al.].
260 _aBogotá :
_bTemis,
_c1986.
300 _a229 p.
336 _2rdacontent
337 _2rdamedia
_asin mediacion
_bn
338 _2rdacarrier
_avolumen
_bnc
505 8 _aContrato de trabajo y relacion de trabajo.--El contrato de trabajo.--Elementos comunes en el contrato de trabajo.--Sustitucion patronal.--Legislacion colombiana.--Las partes en el contrato de trabajo.--Efectos del contrato de trabajo en cuanto al tiempo.--De la suspension del contrato de trabajo.--Obligaciones de las partes en el contrato de trabajo
650 1 4 _aDerecho laboral individual.
700 1 _aCamacho, Eduardo.
700 1 _aBaena, Guillermo.
908 _a160627
942 _cBK
_h344.01
_iL32
_2ddc
_n0
999 _c19603
_d19603